Characters in the Maze Runner - Statistics

General Stats
  • This quiz has been taken 179 times
  • The average score is 12 of 14
Answer Stats
Mentions Answer % Correct
579 Newt
100%
203 Teresa
99%
1,954 Thomas
99%
481 Minho
98%
147 Gally
97%
330 Chuck
96%
432 Alby
93%
41 Frypan
85%
31 Winston
85%
97 Ben
76%
14 Zart
76%
6 Jeff
75%
16 Clint
68%
4 Dave
4%
No matching quizzes found
Score Distribution
Percent of People with Each Score
Percentile by Number Answered
Your Score History
You have not taken this quiz